Teatr w kronice studia nad dramatycznością kronik średniowiecznych

Bibliographic Details
Main Author: Bering, Piotr, 1964- (Author)
Format: Book
Language:Polish
PhysicalDescription:216 s. ilustr. 26 cm
Published: Poznań Wydawnictwo Naukowe Uniwersytetu Im. Adama Mickiewicza 2013
ISBN:9788323225508
Subjects:

MARC

LEADER 00000nam a2200000 a 4500
001 vtls010565020
003 SK-MaSNL
005 20260301133532.0
008 240318s2013 pl a f 001 0 pol
020 |a 9788323225508  |q (brož.) 
040 |a SNK  |b slo  |c SNK  |e AACR2 
041 0 |a pol  |b ger 
044 |a pl  |c PL 
072 7 |a 82-9  |x Literárna kritika, vecná literatúra a rôzne ďalšie žánre  |2 konspekt 
080 |a 82-94  |2 2001 
080 |a 792  |2 2001 
080 |a 82:7.04  |2 2001 
080 |a 808.543-027.21  |2 2001 
080 |a (048.8)  |2 2001 
100 1 |a Bering, Piotr,  |d 1964-  |4 aut  |9 486109 
245 1 0 |a Teatr w kronice  |b studia nad dramatycznością kronik średniowiecznych  |c Piotr Bering 
260 |a Poznań  |b Wydawnictwo Naukowe Uniwersytetu Im. Adama Mickiewicza  |c 2013 
300 |a 216 s.  |b ilustr.  |c 26 cm 
546 |a Res. nem. 
650 0 7 |a kronikárstvo  |2 SNKPH  |9 70376 
650 0 7 |a kroniky  |2 SNKPH  |9 29539 
650 0 7 |a divadlo  |2 SNKPH  |9 3335 
650 0 7 |a literárne námety  |2 SNKPH  |9 2886 
650 0 7 |a naratológia  |2 SNKPH  |9 23514 
650 0 7 |a Chronicles  |2 SNKPHeng  |9 310414 
650 0 7 |a Theater  |2 SNKPHeng  |9 105012 
650 0 7 |a Literary themes  |2 SNKPHeng  |9 313076 
650 0 7 |a Narratology  |2 SNKPHeng  |9 335358 
655 7 |a monografie  |2 SNKPH  |9 70139 
655 7 |a Monographs  |2 SNKPHeng  |9 120675 
919 |a 978-83-232-2550-8 
999 |c 754000  |d 755930 
952 |a SNK  |b SNK  |y VYP  |7 0  |p 17A1094452  |o snkIC 141022  |i snk2014/1741  |8 2  |g 5.00  |0 0  |1 0  |4 0  |d 2013-12-12  |l 0  |r 2026-02-23 23:43:41  |w 2026-02-23